The Impact of Demographic Characteristics on User Behavior Within E-Commerce Technology Environments

Skúmanie vzťahu medzi demografickými charakteristikami používateľov a vzormi správania na globálnych, technologicky orientovaných platformách elektronického obchodu. Využitím údajov zo Similarwebu bol preskúmaný súbor údajov 30 technologických webových stránok, pričom sa hodnotili kľúčové ukazovatel...

ver descrição completa

Na minha lista:
Detalhes bibliográficos
Autor principal: Balaščáková, Simona, 1999-
Outros Autores: Burzová, Simona, 1999-
Formato: Capítulo de Livro
Idioma:inglês
Assuntos:
Tags: Adicionar Tag
Sem tags, seja o primeiro a adicionar uma tag!

MARC

LEADER 00000naa a2200000 4500
001 0314331
005 20260123131614.9
041 0 |a eng 
044 |a RO 
245 1 0 |a The Impact of Demographic Characteristics on User Behavior Within E-Commerce Technology Environments  |c Simona Balaščáková, Simona Burzová 
520 |a Skúmanie vzťahu medzi demografickými charakteristikami používateľov a vzormi správania na globálnych, technologicky orientovaných platformách elektronického obchodu. Využitím údajov zo Similarwebu bol preskúmaný súbor údajov 30 technologických webových stránok, pričom sa hodnotili kľúčové ukazovatele návštevnosti - celkový počet návštev, priemerné trvanie návštevy, počet stránok na reláciu a miera okamžitých odchodov - vo vzťahu k vekovému a rodovému zloženiu používateľov. Korelačné a regresné analýzy ukázali, že vyšší podiel používateľov žien a jednotlivcov vo veku 25 - 34 rokov je spojený s dlhšou angažovanosťou na stránke, zatiaľ čo používatelia vo veku 18 - 24 rokov majú tendenciu vykazovať kratšie trvanie návštev. Regresný model zodpovedal za 42,3 % rozptylu v trvaní návštev. Výsledky poskytujú praktické dôsledky pre optimalizáciu obsahu a presnejšie stratégie segmentácie v digitálnom marketingu. 
610 2 0 |a marketing elektronický 
610 2 0 |a správanie spotrebiteľa 
610 2 0 |a používatelia 
610 2 0 |a obchod elektronický 
610 2 0 |a analýzy 
610 2 0 |a demografia 
610 2 0 |a vek 
100 1 |a Balaščáková, Simona, 1999- 
700 1 |a Burzová, Simona, 1999-